| 000 | 01780 a2200253 4500 | ||
|---|---|---|---|
| 003 | OSt | ||
| 005 | 20180116192341.0 | ||
| 008 | 120525t xxu||||| |||| 00| 0 eng d | ||
| 010 | _a 2009043594 | ||
| 020 | _a9780674049321 (pbk.) | ||
| 040 | _c0 | ||
| 082 | 0 | 0 | _a305.569 |
| 100 | 1 |
_aRiis, Jacob A. _92263 |
|
| 245 | 1 | 0 |
_aHow the other half lives : _bstudies among the tenements of New York / _cJacob A. Riis ; edited by Sam Bass Warner ; introduction by Alan Trachtenberg. |
| 260 |
_aCambridge, Mass. : _bBelknap Press of Harvard University Press, _cc2010. |
||
| 300 |
_a150 p.: _bill.; _c18cm. |
||
| 500 | _aOriginally published by same publisher in 1970, with the addition of an introduction, chronology of Riis's life, and a selected bibliography. | ||
| 500 | _aWherever possible, the engravings based on the Riis's originals that were included in the 1970 ed. are replaced by Riis's original photographs. | ||
| 505 | 0 | _aGenesis of the tenement -- The awakening -- The mixed crowd -- The down town back-alleys -- The italian in New York -- The bend -- A raid on the stale-beer dives -- The cheap lodging-houses -- Chinatown -- Jewtown -- The sweaters of Jewtown -- The Bohemians-tenement-house cigarmaking -- The color line in New York -- The common herd -- The problem of the children -- Waifs of the city's slums -- The street Arab -- The reign of rum -- The harvest of tares -- The working girls of New York -- Pauperism in the tenements -- The wrecks and the waste -- The man with the knife -- What has been done -- How the case stands. | |
| 650 | 0 |
_aTenement houses _zNew York (State) _zNew York. _92264 |
|
| 650 | 0 |
_aPoor _zNew York (State) _zNew York. _92265 |
|
| 942 |
_aSADA _cBK _k305.569 RII 2010 _2ddc |
||
| 999 |
_c352667 _d352667 |
||